000 00765nam a22002417a 4500
999 _c321298
_d321298
001 34874
003 UA-OsUOA
005 20200322193641.0
007 ta
008 20051027b un ||||| |||| 00| 0 ukr d
020 _a9663460113
040 _aUA-OsUOA
_bukr
_cUA-OsUOA
_dUA-OsUOA
041 _aukr
080 _a658(075.8)
090 _a658(075.8)
_bШ38
100 _aШегда А. В.
245 _aМенеджмент
_bпідручник
260 _aК.
_bЗнання
_c2004
300 _a687 с.
650 7 _a658 Управління торговельно-промисловою діяльністю. Бізнес-менеджмент. Економіка підприємств. Організація та
_2UDC
942 _cBK
_2udc
955 _a2